000 00280nam a22001337a 4500
008 180126b xxu||||| |||| 00| 0 eng d
020 _a0072388773
041 _aeng
080 _a611
100 _a7
101 _aANA
245 _aHuman Anatomy
_cFarrar, W.W
942 _2udc
_cBK
999 _c41027
_d41027